000
00213nam a22000857a 4500
008
170601b xxu||||| |||| 00| 0 eng d
100
_9
3195
_a
Guhathakurta. A
245
_a
Teenage Stories
260
_a
New Delhi
_b
CBT
_c
1999
999
_c
6507
_d
6507